| 000 | 00989nam a22002177a 4500 | ||
|---|---|---|---|
| 999 |
_c62977 _d62977 |
||
| 003 | Ge_BSU | ||
| 005 | 20250422115612.0 | ||
| 008 | 250422s2024 ge ||||| |||| 00| 0 geo d | ||
| 020 | _a9789941864407 | ||
| 041 | _ageo | ||
| 080 | _a343.13 მ-74 | ||
| 100 |
_aმიქელაძე, გიორგი _9823 |
||
| 245 |
_aდანაშაულთა ერთობლიობა სისხლის სამართალში / _cგიორგი მიქელაძე; რედაქტორი: ირაკლი გაბისონია, ადამ მახარაძე. |
||
| 264 |
_aბათუმი, _c2024. |
||
| 300 |
_a222 გვ. ; _b20 სმ. |
||
| 653 | _aდანაშაული. | ||
| 653 | _aსამართალი | ||
| 700 |
_aგაბისონია, ირაკლი _eრედაქტორი _97024 |
||
| 700 |
_aმახარაძე, ადამ _e რედაქტორი _95625 |
||
| 942 |
_2udc _cBK |
||